Statistics for Best Picture Multiple Choice 2000-2019

Click here to take the quiz!

General Stats

  • This quiz has been taken 84 times
    (27 since last reset)
  • The average score is 12 of 20

Answer Stats

QuestionAnswer% Correct
2008Slumdog Millionaire
78%
2019Parasite
74%
201312 Years a Slave
70%
2004Million Dollar Baby
70%
2007No Country for Old Men
70%
2011The Artist
70%
2010The King's Speech
70%
2003The Lord of the Rings: The Return of the King
70%
2017The Shape of Water
70%
2001A Beautiful Mind
65%
2000Gladiator
65%
2014Birdman or (The Unexpected Virtue of Ignorance)
61%
2012Argo
57%
2018Green Book
57%
2006The Departed
57%
2009The Hurt Locker
57%
2005Crash
52%
2002Chicago
43%
2016Moonlight
43%
2015Spotlight
30%

Score Distribution

Percentile by Number Answered

Percent of People with Each Score

Your Score History

You have not taken this quiz since the last reset